AI First, Human Always: Embracing a New Mindset for the Era of Superintelligence /
Uloženo v:
| Hlavní autor: | |
|---|---|
| Médium: | Kniha |
| Jazyk: | angličtina |
| Vydáno: |
Hoboken, EUA :
Wiley,
2025, c2025
|
| On-line přístup: | Ver documento en línea |
| Tagy: |
Žádné tagy, Buďte první, kdo vytvoří štítek k tomuto záznamu!
|
MARC
| LEADER | 00000nam^a22000000a04500 | ||
|---|---|---|---|
| 001 | 000630818 | ||
| 005 | 20260416000000.0 | ||
| 009 | 20260416115638.232 | ||
| 020 | |a 9781394189816 | ||
| 037 | |a Acervo ITESO - Biblioteca | ||
| 041 | |a ING | ||
| 082 | |a Libro en línea | ||
| 100 | |a Carter, Sandy |e (autor) | ||
| 245 | 1 | 0 | |a AI First, Human Always: |b Embracing a New Mindset for the Era of Superintelligence / |
| 264 | 4 | |a Hoboken, EUA : |b Wiley, |c 2025, c2025 | |
| 264 | 2 | |a Hoboken, EUA : |b Wiley [distribución], |c 2025 | |
| 300 | |a 1 libro electrónico en línea ( p.) | ||
| 300 | |a 1 recurso en línea | ||
| 336 | |a datos para computadora |b cod |2 rdacontenido | ||
| 337 | |a computadora |b c |2 rdamedio | ||
| 338 | |a recurso en línea |b cr |2 rdasoporte | ||
| 506 | 0 | |a Licencias ilimitadas | |
| 521 | |a Wiley 2026 EEnlace Departamento de Electrónica, Sistemas e Informática | ||
| 567 | |a Catalogación rápida | ||
| 649 | |a XX | ||
| 856 | 4 | 0 | |u https://ezproxy.iteso.mx/login?qurl=https%3A%2F%2Fieeexplore.ieee.org%2Fservlet%2Fopac%3Fbknumber%3D10955556 |y Ver documento en línea |
| 910 | |a Fondo General | ||
| 920 | |a Electrónicos - Libros en Línea | ||
| 930 | |a Plataforma Digital | ||
| 905 | |a 205 | ||
| 902 | |a https://opac.biblio.iteso.mx/vufind/Record/000630818 | ||